| 000 | 00819nam a22001817a 4500 | ||
|---|---|---|---|
| 005 | 20260324081811.0 | ||
| 008 | 260323b |||||||| |||| 00| 0 eng d | ||
| 082 | _aUT 1568 B456 2021 | ||
| 100 |
_aBetonio, Sheila Marie D. _970091 |
||
| 245 |
_aMotibasyon sa pagbasa at interaktibong pagkatuto ng mga mag-aaral sa ikawalong baitang sa Manuel Francisco C. Ramos Sr. national high school / _cSheila Marie D. Betonio, Fely Jean V. Alquiza, and Deizel Ann A. Amar. |
||
| 260 |
_aDigos City : _bUMDC, _c©Marso 2021. |
||
| 300 |
_aviii, 55 pages ; _billustrations (some colors) : _c30 cm. |
||
| 500 | _aincludes references and appendices. | ||
| 650 | 0 |
_aEducation _xUndergraduate Thesis. _970092 |
|
| 700 |
_aAlquiza, Fely Jean V. _eresearcher. _970093 |
||
| 700 |
_aAmar, Deizel Ann A. _eresearcher. _970094 |
||
| 942 |
_2ddc _cUT |
||
| 999 |
_c24461 _d24461 |
||